000 00367nam a22001217a 4500
999 _c15230
_d15230
008 200306b ||||| |||| 00| 0 eng d
100 _942021
_aLuna, Enzo.
245 _aHow technology deals with complex condition/
_cEnzo Luna.
260 _aPhilippines;
_bManila Bulletin,
_c©2019.
300 _apage C-3;
_c29.5cm.
650 _aTechnology.
_942022
942 _2ddc
_cPER